[Event "Hillerod Byturnering 2017 Basis 3"]
[Site "Hillerod"]
[Date "????.??.??"]
[Round "1"]
[White "Eldor, Finn"]
[Black "Rasmussen, Ole"]
[Result "1/2-1/2"]
[WhiteElo "1356"]
[BlackElo "1615"]
[PlyCount "88"]
[EventDate "2017.??.??"]
[EventType "swiss"]
[EventRounds "7"]
[EventCountry "DEN"]

1. Nf3 Nf6 2. g3 d6 3. Bg2 g6 4. O-O Bg7 5. d4 O-O 6. Bf4 c6 7. c4 d5 8. Qc2
Bf5 9. Qb3 Qb6 10. Nbd2 Nbd7 11. Rac1 a5 12. Qc3 Ne4 13. Nxe4 Bxe4 14. e3 dxc4
15. Rfe1 Bd5 16. Nd2 Bxg2 17. Kxg2 c5 18. Nxc4 Qc6+ 19. Kg1 cxd4 20. exd4 b5
21. Ne5 Qxc3 22. bxc3 Nxe5 23. Bxe5 f6 24. Bf4 Rfe8 25. a3 e5 26. Be3 Rac8 27.
d5 Bf8 28. Rb1 Rb8 29. Ra1 Rec8 30. Rec1 Rc4 31. Rc2 Rbc8 32. Bd2 R8c5 33. Rcc1
Rxd5 34. Be1 Kf7 35. Rd1 Rxd1 36. Rxd1 Ke6 37. Rb1 Rc5 38. Kg2 Rc8 39. Ra1 e4
40. a4 bxa4 41. Rxa4 f5 42. c4 Rc5 43. Bxa5 Rc6 44. Be1 h5 1/2-1/2

[Event "Hillerod Byturnering 2017 Basis 3"]
[Site "Hillerod"]
[Date "????.??.??"]
[Round "1"]
[White "Feldung, Arne"]
[Black "Jahic, Afan"]
[Result "0-1"]
[WhiteElo "1345"]
[BlackElo "1360"]
[PlyCount "80"]
[EventDate "2017.??.??"]
[EventType "swiss"]
[EventRounds "7"]
[EventCountry "DEN"]

1. Nf3 Nf6 2. g3 Nc6 3. Bg2 e5 4. d3 d5 5. O-O Bc5 6. b3 O-O 7. Bb2 Re8 8. Nbd2
e4 9. dxe4 dxe4 10. Ng5 e3 11. Nde4 exf2+ 12. Nxf2 Ng4 13. Ngh3 Qe7 14. Re1 Rd8
15. Qc1 Ne3 16. Kh1 Bf5 17. Nd3 Bxh3 18. Bxh3 Qe4+ 19. Kg1 Ng4+ 20. e3 Bxe3+
21. Rxe3 Qxe3+ 22. Qxe3 Nxe3 23. Ne1 Rd1 24. Rxd1 Nxd1 25. Bc1 Nd4 26. Bg4 Re8
27. Nd3 Ne2+ 28. Kf1 Nxc1 29. Bxd1 Nxa2 30. Bf3 c6 31. Nc5 Nb4 32. Nxb7 Nxc2
33. Bxc6 Re6 34. Ba4 Ne3+ 35. Kf2 Nd1+ 36. Kf1 Nc3 37. Nc5 Re5 38. Nd7 Rf5+ 39.
Kg2 Nxa4 40. bxa4 Ra5 0-1

[Event "Hillerod Byturnering 2017 Basis 3"]
[Site "Hillerod"]
[Date "????.??.??"]
[Round "1"]
[White "Hansen, Hardy"]
[Black "Nielsen, Benny"]
[Result "1-0"]
[WhiteElo "1432"]
[BlackElo "1282"]
[PlyCount "45"]
[EventDate "2017.??.??"]
[EventType "swiss"]
[EventRounds "7"]
[EventCountry "DEN"]

1. d4 d5 2. Nf3 e6 3. Bf4 Nc6 4. c3 Bd6 5. e3 Nf6 6. h3 O-O 7. Bd3 Re8 8. Ne5
h6 9. Nd2 Nd7 10. Ndf3 f6 11. Ng6 e5 12. dxe5 fxe5 13. Bg3 e4 14. Bxe4 dxe4 15.
Bh4 Ne7 16. Bxe7 Bxe7 17. Qd5+ Kh7 18. Qxe4 Kg8 19. Rd1 Nf6 20. Rxd8 Nxe4 21.
Rxe8+ Kf7 22. Rxe7+ Kxg6 23. Rxe4 1-0

[Event "Hillerod Byturnering 2017 Basis 3"]
[Site "Hillerod"]
[Date "????.??.??"]
[Round "1"]
[White "Rabjerg, Thue"]
[Black "Rand, Svend Aage"]
[Result "1-0"]
[WhiteElo "1433"]
[BlackElo "1456"]
[PlyCount "53"]
[EventDate "2017.??.??"]
[EventType "swiss"]
[EventRounds "7"]
[EventCountry "DEN"]

1. e4 c5 2. Nc3 Nc6 3. f4 d6 4. Nf3 Bg4 5. Bc4 e6 6. O-O a6 7. a4 Bxf3 8. Qxf3
Nd4 9. Qd1 Ne7 10. f5 exf5 11. exf5 Ndxf5 12. Qe1 Nd4 13. Bxf7+ Kd7 14. Qe4
Ndc6 15. Nd5 Nxd5 16. Qxd5 Qe7 17. d3 Qe5 18. Qb3 Kc7 19. Bf4 Qd4+ 20. Kh1 Qb4
21. Qe6 Nd8 22. Qd5 Nxf7 23. Qxf7+ Kc6 24. c3 Qb6 25. d4 Qc7 26. d5+ Kb6 27.
a5+ 1-0

[Event "Hillerod Byturnering 2017 Basis 3"]
[Site "Hillerod"]
[Date "????.??.??"]
[Round "1"]
[White "Schjolin, John"]
[Black "Ellegaard, Soren"]
[Result "0-1"]
[WhiteElo "1137"]
[BlackElo "1437"]
[PlyCount "58"]
[EventDate "2017.??.??"]
[EventType "swiss"]
[EventRounds "7"]
[EventCountry "DEN"]

1. d4 d5 2. Nf3 e6 3. e3 Nf6 4. c4 c5 5. cxd5 exd5 6. dxc5 Bxc5 7. Nc3 O-O 8.
Bb5 a6 9. Ba4 b5 10. Bb3 Bb7 11. O-O Re8 12. Re1 Ra7 13. Bc2 Nbd7 14. a3 Bc6
15. b4 Bb6 16. Bf5 Nf8 17. Qd3 h6 18. Bb2 Rae7 19. Nd1 d4 20. Rc1 Bxf3 21. gxf3
Ne6 22. Bxe6 Rxe6 23. Rc2 dxe3 24. Qxd8 exf2+ 25. Nxf2 Rxe1+ 26. Kg2 Rxd8 27.
Bc3 Re6 28. h3 Nd5 29. Ne4 Ne3+ 0-1

[Event "Hillerod Byturnering 2017 Basis 3"]
[Site "Hillerod"]
[Date "????.??.??"]
[Round "1"]
[White "So, John"]
[Black "Petersen, Jakob Lyng"]
[Result "1-0"]
[WhiteElo "1469"]
[BlackElo "1000"]
[PlyCount "87"]
[EventDate "2017.??.??"]
[EventType "swiss"]
[EventRounds "7"]
[EventCountry "DEN"]

1. e4 e5 2. Nf3 Nc6 3. d4 Bb4+ 4. c3 Ba5 5. dxe5 Qe7 6. Bf4 f6 7. exf6 Qxe4+ 8.
Be3 Nxf6 9. Bd3 Qe7 10. O-O d6 11. Re1 Be6 12. Nd4 Ne5 13. Be2 O-O-O 14. Nxe6
Qxe6 15. Na3 Nfg4 16. Bd4 Bb6 17. Bxb6 axb6 18. Nb5 Qf5 19. Rf1 Qf4 20. g3 Qh6
21. Bxg4+ Nxg4 22. Qxg4+ Kb8 23. Nd4 Qg6 24. Qxg6 hxg6 25. Rae1 Rh3 26. Kg2
Rdh8 27. Rh1 Ka7 28. Re7 c5 29. Nb5+ Ka6 30. Nxd6 R3h7 31. Nxb7 g5 32. Nd6 g4
33. Nc4 Kb5 34. Ne5 Rh5 35. Nxg4 Rd5 36. Ne3 Rd2 37. Rb1 Re2 38. Kf3 Rd2 39.
Kg2 Re2 40. b4 c4 41. Re5+ Ka4 42. Re4 b5 43. Re7 Rf8 44. Ra7# 1-0

[Event "Hillerod Byturnering 2017 Basis 3"]
[Site "Hillerod"]
[Date "????.??.??"]
[Round "2"]
[White "Feldung, Arne"]
[Black "Eldor, Finn"]
[Result "0-1"]
[WhiteElo "1345"]
[BlackElo "1356"]
[PlyCount "100"]
[EventDate "2017.??.??"]
[EventType "swiss"]
[EventRounds "7"]
[EventCountry "DEN"]

1. Nf3 d5 2. g3 Nf6 3. d3 e6 4. Bg2 Be7 5. O-O c5 6. Bf4 Nc6 7. a3 O-O 8. d4
cxd4 9. Nxd4 Qb6 10. Nb3 Bd7 11. Be3 Qc7 12. Bc5 b6 13. Bxe7 Nxe7 14. N1d2 Rad8
15. Nd4 e5 16. N4b3 Bc6 17. e3 e4 18. f3 Nc8 19. Nd4 Rfe8 20. f4 Bd7 21. f5 Nd6
22. g4 Re5 23. h3 Nfe8 24. Qe1 f6 25. Rf4 Qc8 26. c3 b5 27. Bf1 Nc4 28. Nxc4
bxc4 29. h4 Nd6 30. Bh3 Qb7 31. Qf2 Rb8 32. Rb1 Nb5 33. Nxb5 Bxb5 34. g5 fxg5
35. hxg5 Bd7 36. Kh2 Rf8 37. g6 h6 38. f6 gxf6 39. Rxf6 Ree8 40. Rf7 Qb8+ 41.
Rf4 Bxh3 42. Kxh3 Rxf4 43. Qxf4 Qxf4 44. exf4 h5 45. f5 e3 46. Re1 Kf8 47. Kh4
a5 48. Kxh5 Kg7 49. f6+ Kxf6 50. Kh6 Rh8# 0-1

[Event "Hillerod Byturnering 2017 Basis 3"]
[Site "Hillerod"]
[Date "????.??.??"]
[Round "2"]
[White "Hansen, Hardy"]
[Black "So, John"]
[Result "1-0"]
[WhiteElo "1432"]
[BlackElo "1469"]
[PlyCount "77"]
[EventDate "2017.??.??"]
[EventType "swiss"]
[EventRounds "7"]
[EventCountry "DEN"]

1. d4 d5 2. Nf3 Nf6 3. h3 Nbd7 4. Bf4 a6 5. c3 e6 6. e3 c5 7. Be2 cxd4 8. exd4
Be7 9. Nbd2 O-O 10. Ne5 Nxe5 11. Bxe5 Bd6 12. f4 Bxe5 13. fxe5 Ne4 14. O-O Ng3
15. Rf2 b5 16. Bg4 Nf5 17. Nf3 Ne3 18. Qe2 Nxg4 19. hxg4 Bd7 20. g3 f5 21. exf6
Rxf6 22. Rh2 Be8 23. Ne5 Qd6 24. Kg2 a5 25. Rah1 h6 26. g5 Rf5 27. gxh6 g6 28.
Qe3 Kh7 29. g4 Rf6 30. Rf1 Rxf1 31. Kxf1 Rc8 32. Rf2 Qe7 33. g5 b4 34. Kg2 a4
35. Ng4 bxc3 36. bxc3 a3 37. Qe5 Rxc3 38. Nf6+ Kh8 39. Nxd5+ 1-0

[Event "Hillerod Byturnering 2017 Basis 3"]
[Site "Hillerod"]
[Date "????.??.??"]
[Round "2"]
[White "Hviid, Hans Henrik"]
[Black "Rabjerg, Thue"]
[Result "0-1"]
[WhiteElo "1280"]
[BlackElo "1433"]
[PlyCount "40"]
[EventDate "2017.??.??"]
[EventType "swiss"]
[EventRounds "7"]
[EventCountry "DEN"]

1. e4 e6 2. Nf3 d5 3. e5 c5 4. d4 Nc6 5. Bb5 Bd7 6. Bxc6 Bxc6 7. O-O Qc7 8.
dxc5 Bxc5 9. a3 f6 10. exf6 Nxf6 11. b4 Bd6 12. Re1 Bd7 13. g3 O-O 14. Ng5 Rae8
15. Re3 e5 16. Rc3 Qb6 17. Nd2 Ng4 18. Rf3 Nxf2 19. Qe2 Nh3+ 20. Kg2 Qg1# 0-1

[Event "Hillerod Byturnering 2017 Basis 3"]
[Site "Hillerod"]
[Date "????.??.??"]
[Round "2"]
[White "Jahic, Afan"]
[Black "Ellegaard, Soren"]
[Result "0-1"]
[WhiteElo "1360"]
[BlackElo "1437"]
[PlyCount "126"]
[EventDate "2017.??.??"]
[EventType "swiss"]
[EventRounds "7"]
[EventCountry "DEN"]

1. e4 c5 2. Nf3 d6 3. d4 cxd4 4. Nxd4 Nf6 5. Nc3 e5 6. Nb3 a6 7. Bc4 Bg4 8. f3
Bd7 9. Be3 Nc6 10. Nd5 b5 11. Bb6 Qc8 12. Nc7+ Ke7 13. Bxb5 axb5 14. Nxa8 Qxa8
15. Qd2 Qb7 16. Be3 h6 17. O-O-O Ne8 18. g4 g5 19. h4 Bg7 20. hxg5 hxg5 21.
Rxh8 Bxh8 22. Rh1 Bg7 23. Bxg5+ f6 24. Rh7 fxg5 25. Qxg5+ Kf8 26. Qh5 Be6 27.
Qg6 Qf7 28. Rxg7 Nxg7 29. Qh7 Qxf3 30. Qh8+ Bg8 31. Nd2 Qxg4 32. c3 Na5 33. Qh6
d5 34. Qd6+ Ke8 35. Qb8+ Kf7 36. Qc7+ Kf6 37. Qd8+ Kg6 38. Qxg8 dxe4 39. Qd8
Nc4 40. Nxc4 bxc4 41. Qb6+ Kf5 42. a4 Qf4+ 43. Kb1 e3 44. Qc7 e2 45. Qf7+ Ke4
46. Qb7+ Ke3 47. Qb6+ Kf3 48. Qc6+ e4 49. Qxc4 e1=Q+ 50. Ka2 Nf5 51. Kb3 Ne3
52. Qb5 Qd1+ 53. Ka3 Nc2+ 54. Ka2 Qa1+ 55. Kb3 Ne3 56. Qh5+ Qg4 57. Qf7+ Qf4
58. Qh5+ Ng4 59. Qh3+ Ke2 60. Qg2+ Nf2 61. Qg6 Qb8+ 62. Kc4 Qxa4+ 63. Kd5 Qbb5+
0-1

[Event "Hillerod Byturnering 2017 Basis 3"]
[Site "Hillerod"]
[Date "????.??.??"]
[Round "2"]
[White "Nielsen, Benny"]
[Black "Petersen, Jakob Lyng"]
[Result "0-1"]
[WhiteElo "1282"]
[BlackElo "1000"]
[PlyCount "66"]
[EventDate "2017.??.??"]
[EventType "swiss"]
[EventRounds "7"]
[EventCountry "DEN"]

1. e4 e5 2. Nf3 Nc6 3. d3 Bc5 4. Be2 Nf6 5. O-O O-O 6. h3 d5 7. exd5 Nxd5 8.
Nc3 Nf4 9. Ne4 b6 10. Nxc5 bxc5 11. Kh2 Qf6 12. Bxf4 Qxf4+ 13. g3 Qh6 14. h4
Qd6 15. Ng5 Bb7 16. Ne4 Qe7 17. c3 f5 18. Nd2 f4 19. Ne4 Nd8 20. Bf3 Rb8 21.
Bg2 Ne6 22. b3 Rbd8 23. Qc2 Ba6 24. Rad1 Bb7 25. Nf6+ Qxf6 26. Bxb7 Rf7 27. Be4
Qh6 28. Qd2 Rdf8 29. Kg2 g6 30. Bd5 Rf6 31. Rde1 Kg7 32. Rxe5 f3+ 33. Bxf3 Qxd2
0-1

[Event "Hillerod Byturnering 2017 Basis 3"]
[Site "Hillerod"]
[Date "????.??.??"]
[Round "2"]
[White "Rasmussen, Ole"]
[Black "Schjolin, John"]
[Result "1-0"]
[WhiteElo "1615"]
[BlackElo "1137"]
[PlyCount "73"]
[EventDate "2017.??.??"]
[EventType "swiss"]
[EventRounds "7"]
[EventCountry "DEN"]

1. Nf3 c5 2. e4 d6 3. d4 cxd4 4. Nxd4 e5 5. Nf3 h6 6. Nc3 a6 7. Bc4 Nf6 8. O-O
Be7 9. h3 O-O 10. Re1 Be6 11. Bb3 b5 12. Nd5 Bxd5 13. Bxd5 Nxd5 14. Qxd5 Nd7
15. Qd3 Nc5 16. Qe2 f6 17. Nh4 Qe8 18. Qg4 g5 19. Nf5 Kh7 20. Qf3 Ra7 21. Be3
Rc7 22. Rad1 Nb7 23. c3 Rd7 24. Rd3 Rg8 25. Red1 Bf8 26. Ng3 Be7 27. R1d2 Rf8
28. Nf5 Rg8 29. Rd5 Bf8 30. Qd1 Qf7 31. a4 bxa4 32. Qxa4 Rd8 33. Qxa6 Rd7 34.
c4 Nc5 35. Bxc5 Qe6 36. Bxd6 Bxd6 37. Rxd6 1-0

[Event "Hillerod Byturnering 2017 Basis 3"]
[Site "Hillerod"]
[Date "????.??.??"]
[Round "3"]
[White "Ellegaard, Soren"]
[Black "Rabjerg, Thue"]
[Result "0-1"]
[WhiteElo "1437"]
[BlackElo "1433"]
[PlyCount "66"]
[EventDate "2017.??.??"]
[EventType "swiss"]
[EventRounds "7"]
[EventCountry "DEN"]

1. e4 e6 2. d4 d5 3. Nd2 c5 4. c3 cxd4 5. cxd4 dxe4 6. Nxe4 Nc6 7. Nf3 Nf6 8.
Nc3 Bd6 9. a3 O-O 10. Bd3 Re8 11. O-O e5 12. dxe5 Nxe5 13. Nxe5 Bxe5 14. h3 a6
15. Qc2 Qd6 16. Bd2 b5 17. Rfd1 Bb7 18. Be3 Qc6 19. f3 Bxc3 20. Bf2 Be5 21. Qd2
Qc7 22. Rac1 Qb8 23. Qb4 Bf4 24. Rc2 g6 25. Be2 Nd5 26. Qb3 Qe5 27. Bd4 Be3+
28. Bxe3 Qxe3+ 29. Qxe3 Nxe3 30. Rc7 Nxd1 31. Kf1 Ne3+ 32. Kf2 Bd5 33. g4 Bc4
0-1

[Event "Hillerod Byturnering 2017 Basis 3"]
[Site "Hillerod"]
[Date "????.??.??"]
[Round "3"]
[White "Jahic, Afan"]
[Black "Eldor, Finn"]
[Result "0-1"]
[WhiteElo "1360"]
[BlackElo "1356"]
[PlyCount "78"]
[EventDate "2017.??.??"]
[EventType "swiss"]
[EventRounds "7"]
[EventCountry "DEN"]

1. e4 c5 2. Nf3 Nc6 3. d4 cxd4 4. Nxd4 e5 5. Nb3 Nf6 6. Nc3 Bb4 7. Bg5 O-O 8.
Qf3 Be7 9. Bc4 d6 10. Nd5 Nxd5 11. exd5 Nb4 12. Qc3 Nxc2+ 13. Qxc2 Bxg5 14. Bd3
f5 15. h4 Bh6 16. Nd2 Qa5 17. Qc3 Bxd2+ 18. Kxd2 Qb6 19. Rhf1 Bd7 20. b3 Rac8
21. Bc4 f4 22. Rae1 Bf5 23. g3 f3 24. Re3 e4 25. Rg1 Bg6 26. g4 Rf4 27. a4 Qd8
28. h5 Bf7 29. Qd4 Qe7 30. Qxa7 Rc5 31. Qa8+ Be8 32. Ke1 Rf8 33. Qa7 Bf7 34.
Qb6 Bxd5 35. Bxd5+ Rxd5 36. Rc3 Qe5 37. Rc1 Qb2 38. Qe3 Re8 39. Qc3 Qe2# 0-1

[Event "Hillerod Byturnering 2017 Basis 3"]
[Site "Hillerod"]
[Date "????.??.??"]
[Round "3"]
[White "Nielsen, Benny"]
[Black "Feldung, Arne"]
[Result "0-1"]
[WhiteElo "1282"]
[BlackElo "1345"]
[PlyCount "118"]
[EventDate "2017.??.??"]
[EventType "swiss"]
[EventRounds "7"]
[EventCountry "DEN"]

1. e4 c6 2. Nf3 d5 3. exd5 cxd5 4. Bb5+ Nc6 5. d4 a6 6. Bd3 Bg4 7. c3 Nf6 8.
O-O e5 9. Be2 e4 10. Ne1 Bxe2 11. Qxe2 Be7 12. f3 Qc7 13. fxe4 Nxe4 14. Bf4 Bd6
15. Bxd6 Qxd6 16. Nd2 Qe7 17. Nxe4 Qxe4 18. Qxe4+ dxe4 19. Rf4 O-O 20. Rxe4
Rfe8 21. Rxe8+ Rxe8 22. Kf2 Na5 23. Nf3 Nc4 24. Re1 Rxe1 25. Kxe1 Nxb2 26. Kd2
Nc4+ 27. Kd3 Nb2+ 28. Ke4 Nc4 29. Kd5 Ne3+ 30. Kd6 Nxg2 31. Ke7 Nf4 32. c4 b6
33. d5 Nd3 34. Nd4 Nc5 35. Nc6 f5 36. d6 f4 37. Ne5 g5 38. Nd3 f3 39. Nf2 b5
40. cxb5 axb5 41. d7 Nxd7 42. Kxd7 Kf7 43. Kc6 b4 44. Kb5 h5 45. h3 Kf6 46.
Kxb4 Kf5 47. a4 g4 48. a5 g3 49. a6 gxf2 50. a7 Kf4 51. a8=Q f1=Q 52. Qf8+ Kg3
53. Qd6+ Kxh3 54. Qe6+ Kh4 55. Qf6+ Kh3 56. Qf5+ Kg2 57. Qxh5 Qe1+ 58. Kc4 Qe2+
59. Kd5 Qb5+ 0-1

[Event "Hillerod Byturnering 2017 Basis 3"]
[Site "Hillerod"]
[Date "????.??.??"]
[Round "3"]
[White "Petersen, Jakob Lyng"]
[Black "Rand, Svend Aage"]
[Result "0-1"]
[WhiteElo "1000"]
[BlackElo "1456"]
[PlyCount "54"]
[EventDate "2017.??.??"]
[EventType "swiss"]
[EventRounds "7"]
[EventCountry "DEN"]

1. e4 c5 2. Nc3 Nc6 3. Bc4 e6 4. d3 a6 5. Nf3 Be7 6. Bf4 d6 7. O-O b5 8. Bb3
Bf6 9. Rb1 Nge7 10. Ne2 Ng6 11. c3 O-O 12. d4 c4 13. Bc2 e5 14. d5 Nce7 15. Bg5
Bxg5 16. Nxg5 h6 17. Nf3 Bg4 18. Nd2 Bxe2 19. Qxe2 Nf4 20. Qg4 Qc8 21. Bd1 Qxg4
22. Bxg4 Nd3 23. g3 Nc5 24. f4 exf4 25. Rxf4 Ng6 26. Rf2 Rae8 27. Re1 Nd3 0-1

[Event "Hillerod Byturnering 2017 Basis 3"]
[Site "Hillerod"]
[Date "????.??.??"]
[Round "3"]
[White "Rasmussen, Ole"]
[Black "Hansen, Hardy"]
[Result "0-1"]
[WhiteElo "1615"]
[BlackElo "1432"]
[PlyCount "132"]
[EventDate "2017.??.??"]
[EventType "swiss"]
[EventRounds "7"]
[EventCountry "DEN"]

1. d4 Nf6 2. Nf3 d5 3. c3 e6 4. h3 c5 5. e3 Nbd7 6. Bd2 a6 7. a4 Bd6 8. g3 O-O
9. Bg2 Qc7 10. Qe2 Ne4 11. Ne5 Nxd2 12. Nxd2 Nxe5 13. dxe5 Bxe5 14. O-O Rb8 15.
Nf3 Bf6 16. Nh2 g6 17. Ng4 Bg7 18. Nh2 Bd7 19. Qc2 Rfc8 20. Rfd1 b5 21. b3 bxa4
22. bxa4 c4 23. Nf3 Rb3 24. Nd4 Rb7 25. Ne2 Rcb8 26. Ra2 Qb6 27. Nd4 Bxd4 28.
exd4 Qb3 29. Qd2 Bxa4 30. Re1 Qb5 31. Rea1 Bb3 32. Rxa6 Qd7 33. Qf4 Qe7 34. Qh6
Qf8 35. Qf4 Bc2 36. Kh2 Qe7 37. h4 Kg7 38. Bh3 Qf6 39. Qe3 Be4 40. R6a2 h5 41.
f3 Rb2+ 42. Kg1 Qxf3 43. Qxf3 Bxf3 44. Ra7 Kf6 45. Rc1 Be4 46. Rf1+ Bf5 47. g4
hxg4 48. Bxg4 Rb1 49. Ra1 Rxa1 50. Rxa1 Bxg4 51. Rf1+ Ke7 52. Re1 Bf5 53. Kf2
Rb2+ 54. Kg3 Rc2 55. Re3 Bd3 56. Kf4 Rxc3 57. Ke5 Rc2 58. Kf4 Rf2+ 59. Kg3 Re2
60. Kf4 Rxe3 61. Kxe3 Kf6 62. Kf4 c3 63. Ke3 c2 64. Kd2 Kf5 65. Kc1 Ke4 66. Kd2
f5 0-1

[Event "Hillerod Byturnering 2017 Basis 3"]
[Site "Hillerod"]
[Date "????.??.??"]
[Round "3"]
[White "So, John"]
[Black "Hviid, Hans Henrik"]
[Result "1-0"]
[WhiteElo "1469"]
[BlackElo "1280"]
[PlyCount "105"]
[EventDate "2017.??.??"]
[EventType "swiss"]
[EventRounds "7"]
[EventCountry "DEN"]

1. e4 e5 2. Nf3 d6 3. d4 Nc6 4. d5 Nce7 5. c4 h6 6. Be2 c6 7. Nc3 Nf6 8. O-O c5
9. a3 Bd7 10. b4 b6 11. b5 a6 12. Rb1 g5 13. h3 Nh5 14. Nxe5 Nf4 15. Nxd7 Nxe2+
16. Qxe2 Qxd7 17. f4 Rg8 18. f5 Bg7 19. f6 Ng6 20. fxg7 Nf4 21. Bxf4 gxf4 22.
Rxf4 Rxg7 23. Qf3 O-O-O 24. Rg4 Rdg8 25. Rxg7 Rxg7 26. Qf5 Qxf5 27. exf5 Rg3
28. Rc1 a5 29. Kh2 Rd3 30. Ne4 Kd7 31. Rc3 Rd4 32. Nf6+ Ke7 33. Ng8+ Kf8 34.
Nxh6 Kg7 35. Ng4 Rd2 36. Kg3 Rd4 37. a4 Rd1 38. h4 Ra1 39. h5 Rxa4 40. h6+ Kh7
41. Kh4 Ra1 42. Kg5 Rg1 43. Nf6+ Kh8 44. Ne8 Ra1 45. Nxd6 Kg8 46. Nc8 Rh1 47.
Nxb6 Kh7 48. Nd7 Rxh6 49. Nxc5 f6+ 50. Kg4 Rh1 51. d6 Rd1 52. Nd3 Rh1 53. d7
1-0

[Event "Hillerod Byturnering 2017 Basis 3"]
[Site "Hillerod"]
[Date "????.??.??"]
[Round "4"]
[White "Ellegaard, Soren"]
[Black "Eldor, Finn"]
[Result "0-1"]
[WhiteElo "1437"]
[BlackElo "1356"]
[PlyCount "82"]
[EventDate "2017.??.??"]
[EventType "swiss"]
[EventRounds "7"]
[EventCountry "DEN"]

1. e4 c5 2. Nf3 Nc6 3. Bc4 e5 4. c3 Nf6 5. d3 Be7 6. a4 Na5 7. Ba2 d6 8. O-O
Bg4 9. h3 Bh5 10. Nbd2 O-O 11. Qc2 Nc6 12. Re1 a6 13. g4 Bg6 14. Nf1 b5 15.
axb5 axb5 16. Bd2 Rb8 17. Ne3 b4 18. Nd5 Nxd5 19. exd5 Na5 20. cxb4 cxb4 21. b3
Qd7 22. Rac1 Rfc8 23. Qd1 f5 24. Nxe5 dxe5 25. Rxc8+ Rxc8 26. Rxe5 Bf6 27. Re1
Bc3 28. Bxc3 bxc3 29. Bb1 Qxd5 30. Bc2 Nc6 31. b4 Nd4 32. Re3 Nxc2 33. Qxc2 f4
34. Re1 Qxd3 35. Qb3+ Bf7 36. Qa3 Qxh3 37. Qa6 Qxg4+ 38. Kf1 Bc4+ 39. Qxc4+
Rxc4 40. Rc1 Qh3+ 41. Kg1 f3 0-1

[Event "Hillerod Byturnering 2017 Basis 3"]
[Site "Hillerod"]
[Date "????.??.??"]
[Round "4"]
[White "Feldung, Arne"]
[Black "Schjolin, John"]
[Result "0-1"]
[WhiteElo "1345"]
[BlackElo "1137"]
[PlyCount "60"]
[EventDate "2017.??.??"]
[EventType "swiss"]
[EventRounds "7"]
[EventCountry "DEN"]

1. Nf3 d5 2. g3 Nf6 3. Bg2 c6 4. O-O Bf5 5. b3 e6 6. Bb2 Bd6 7. d3 O-O 8. Re1
Bg6 9. Nbd2 Re8 10. c4 Nbd7 11. e4 e5 12. cxd5 cxd5 13. d4 dxe4 14. Ng5 Rc8 15.
Ngxe4 Nxe4 16. Nxe4 Bxe4 17. Bxe4 Rc7 18. f4 exf4 19. gxf4 Bxf4 20. d5 Qg5+ 21.
Bg2 Nf6 22. Bxf6 Rxe1+ 23. Qxe1 gxf6 24. Rd1 Rc2 25. Qf1 Be3+ 26. Kh1 Rf2 27.
Qg1 Qf4 28. d6 Rd2 29. Qf1 Qxd6 30. Bf3 Qxh2# 0-1

[Event "Hillerod Byturnering 2017 Basis 3"]
[Site "Hillerod"]
[Date "????.??.??"]
[Round "4"]
[White "Jahic, Afan"]
[Black "Hansen, Hardy"]
[Result "1-0"]
[WhiteElo "1360"]
[BlackElo "1432"]
[PlyCount "61"]
[EventDate "2017.??.??"]
[EventType "swiss"]
[EventRounds "7"]
[EventCountry "DEN"]

1. e4 Nc6 2. Nf3 e5 3. Bc4 h6 4. O-O d6 5. c3 Bd7 6. d4 Nf6 7. Re1 a6 8. dxe5
dxe5 9. a4 Bc5 10. b4 Ba7 11. b5 axb5 12. axb5 Ne7 13. Nxe5 O-O 14. Qb3 Qe8 15.
Be3 Nxe4 16. Rxa7 Rxa7 17. Bxa7 Bf5 18. Bd4 Nd6 19. Nd2 b6 20. Nc6 Nxc4 21.
Nxe7+ Kh7 22. Qxc4 Be6 23. Qd3+ f5 24. Rxe6 Rf7 25. Qe3 Qa8 26. c4 f4 27. Qe4+
Qxe4 28. Rxe4 g5 29. h3 h5 30. Nf3 g4 31. Ng5+ 1-0

[Event "Hillerod Byturnering 2017 Basis 3"]
[Site "Hillerod"]
[Date "????.??.??"]
[Round "4"]
[White "Petersen, Jakob Lyng"]
[Black "Hviid, Hans Henrik"]
[Result "1-0"]
[WhiteElo "1000"]
[BlackElo "1280"]
[PlyCount "73"]
[EventDate "2017.??.??"]
[EventType "swiss"]
[EventRounds "7"]
[EventCountry "DEN"]

1. e4 e5 2. Nc3 c6 3. Bc4 Nf6 4. d4 Bb4 5. Nge2 d5 6. exd5 cxd5 7. Bb3 e4 8.
O-O O-O 9. Bg5 Be6 10. Nf4 h6 11. Bxf6 Qxf6 12. Nfxd5 Bxd5 13. Nxd5 Qd6 14. c3
Ba5 15. Qg4 Bc7 16. Nxc7 Qxc7 17. Qxe4 Re8 18. Qxe8+ Kh7 19. Qxf7 Qxf7 20. Bxf7
Nc6 21. Bd5 Ne7 22. Bxb7 Rb8 23. Be4+ g6 24. Rab1 Rb6 25. d5 Nc8 26. c4 Rb4 27.
b3 a5 28. a4 Nd6 29. Bd3 Nf7 30. Rfe1 Kg7 31. c5 Kf6 32. c6 Ne5 33. Bc4 Nxc4
34. bxc4 Rxc4 35. Rbc1 Rxc1 36. Rxc1 Ke7 37. c7 1-0

[Event "Hillerod Byturnering 2017 Basis 3"]
[Site "Hillerod"]
[Date "????.??.??"]
[Round "4"]
[White "Rabjerg, Thue"]
[Black "Rasmussen, Ole"]
[Result "0-1"]
[WhiteElo "1433"]
[BlackElo "1615"]
[PlyCount "103"]
[EventDate "2017.??.??"]
[EventType "swiss"]
[EventRounds "7"]
[EventCountry "DEN"]

1. e4 c5 2. Nc3 d6 3. f4 Nc6 4. Nf3 Nf6 5. Bc4 e6 6. O-O Be7 7. Qe1 O-O 8. d3
a6 9. a3 b5 10. Ba2 Re8 11. Ng5 h6 12. Nh3 Nd4 13. Qg3 b4 14. axb4 cxb4 15. Qe3
Nxc2 16. Qg3 bxc3 17. Rb1 Nd4 18. Rf2 c2 19. Ra1 Qb6 20. Kh1 e5 21. f5 Kf8 22.
Be3 Qxb2 23. Rc1 Qxa2 24. Bxd4 exd4 25. Rfxc2 Qa5 26. Rf2 Qe5 27. Nf4 Bd7 28.
Rcf1 Kg8 29. Rf3 Bc6 30. Qh3 Nh7 31. Rg3 Ng5 32. Qg4 Bf6 33. h4 Nh7 34. Nh5 Ra7
35. Nxf6+ Qxf6 36. Re1 Kh8 37. Rb1 Rb7 38. Rc1 Bb5 39. Qf3 Rbe7 40. Re1 Nf8 41.
h5 Nh7 42. Qg4 Ng5 43. Qf4 d5 44. e5 Rxe5 45. Rc1 Re1+ 46. Rxe1 Rxe1+ 47. Kh2
Qe5 48. Qg4 Re3 49. f6 Qxg3+ 50. Qxg3 Rxg3 51. fxg7+ Kxg7 52. Kxg3 0-1

[Event "Hillerod Byturnering 2017 Basis 3"]
[Site "Hillerod"]
[Date "????.??.??"]
[Round "5"]
[White "Eldor, Finn"]
[Black "Rabjerg, Thue"]
[Result "0-1"]
[WhiteElo "1356"]
[BlackElo "1433"]
[PlyCount "76"]
[EventDate "2017.??.??"]
[EventType "swiss"]
[EventRounds "7"]
[EventCountry "DEN"]

1. d4 d5 2. c4 e5 3. dxe5 d4 4. a3 Nc6 5. Nf3 Be6 6. Nbd2 f6 7. exf6 Nxf6 8.
Nb3 Bxc4 9. Nbxd4 Bc5 10. Be3 Ng4 11. Qd2 O-O 12. h3 Nxe3 13. fxe3 Bd5 14. Qc3
Bxd4 15. exd4 Bxf3 16. gxf3 Qh4+ 17. Kd2 Rad8 18. Qc4+ Kh8 19. e3 Ne5 20. Qb4
Qf2+ 21. Kc3 Qxe3+ 22. Kc2 Nxf3 23. Rc1 Nxd4+ 24. Kb1 Qe4+ 25. Bd3 Qxd3+ 26.
Ka1 Nc2+ 27. Rxc2 Qxc2 28. Rg1 Kg8 29. Qg4 Rf7 30. Qe6 Rd1+ 31. Rxd1 Qxd1+ 32.
Ka2 Qd7 33. Qb3 c5 34. h4 b5 35. h5 h6 36. Qc2 Qd5+ 37. b3 Qxh5 38. Qg2 Qf5 0-1

[Event "Hillerod Byturnering 2017 Basis 3"]
[Site "Hillerod"]
[Date "????.??.??"]
[Round "5"]
[White "Ellegaard, Soren"]
[Black "Rand, Svend Aage"]
[Result "0-1"]
[WhiteElo "1437"]
[BlackElo "1456"]
[PlyCount "104"]
[EventDate "2017.??.??"]
[EventType "swiss"]
[EventRounds "7"]
[EventCountry "DEN"]

1. d4 d5 2. c4 Nf6 3. Nc3 c6 4. h3 Bf5 5. e3 e6 6. a3 h6 7. Nf3 Nbd7 8. cxd5
cxd5 9. Bb5 a6 10. Ba4 Bd6 11. O-O O-O 12. Re1 b5 13. Bb3 Rc8 14. Bd2 Ne4 15.
Rc1 Bc7 16. Ba2 Ba5 17. b4 Bb6 18. Re2 Nd6 19. a4 Bd3 20. Re1 bxa4 21. Nxa4
Rxc1 22. Bxc1 Bb5 23. Nc5 a5 24. Bd2 axb4 25. Bxb4 Re8 26. Qc2 Qc7 27. Rc1 Bc4
28. Bb1 Nf6 29. Ne5 Bxc5 30. Bxc5 Nde4 31. Nxc4 dxc4 32. Qxc4 Qb7 33. Qd3 Qb2
34. Qc2 Qxc2 35. Bxc2 Nxc5 36. dxc5 Rc8 37. c6 Nd5 38. g4 Kf8 39. Kg2 Rxc6 40.
Kf3 Nb4 41. Ke2 Rxc2+ 42. Rxc2 Nxc2 43. Kd2 Nb4 44. Kc3 Nc6 45. f4 f6 46. h4 g6
47. e4 Ke7 48. Kc4 Kd6 49. Kd3 g5 50. hxg5 hxg5 51. f5 Ne5+ 52. Kd4 Nxg4 0-1